000 00886nam a2200265Ia 4500
003 OSt
005 20220827103024.0
008 210716s2003 xx 000 0 und d
020 _a0521540798
040 _cAIMIT LIBRARY
041 _aeng
082 _a572.8633
_21
_bDURR
100 _aDurbin, Richard.
_955721
245 _aBiological sequence analysis:
_bprobabilistics models of proteins and nucleic acids /
_cBy Richard Durbin...et.al
250 _a1st ed.
260 _aNew York :
_bCambridge University Press ,
_c2003.
300 _axi,356p. ;
_c24 cm.
650 _aPairwise alignment
_955722
650 _aMarkov chains and hidden markov models
_955723
650 _aProbabilistic approaches to phylogency
_955724
700 _aEddy, Sean R.
_955725
700 _aKrogh, Anders.
_955726
700 _aMitchison, Graeme.
_955727
942 _2ddc
_cBK
_e1st
_k572.8633 DUPR
999 _c186350
_d186350